Europa - Statystyki

Ogólne statystyki
  • Ten quiz został rozwiązany 409 razy
  • Średni wynik to 31 z 49
Odpowiedzi na mapie
Odpowiedzi zakodowano w zielono-czerwonej skali na mapie do tego quizu, zgodnie z poniższymi procentami.
 
Statystyki odpowiedzi
Odpowiedź % Poprawnych
Polska
85%
Rosja
76%
Ukraina
76%
Estonia
75%
Grecja
75%
Białoruś
74%
Norwegia
74%
Dania
73%
Litwa
73%
Łotwa
73%
Portugalia
73%
Finlandia
71%
Wielka Brytania
71%
Włochy
71%
Belgia
70%
Francja
70%
Hiszpania
70%
Niemcy
70%
Rumunia
69%
Turcja
69%
Czechy
68%
Islandia
68%
Watykan
68%
Szwecja
67%
Holandia
66%
Malta
64%
Słowacja
64%
Austria
62%
Szwajcaria
62%
Bułgaria
61%
Chorwacja
61%
Albania
60%
Luksemburg
60%
Mołdawia
60%
San Marino
60%
Andora
59%
Liechtenstein
59%
Kosowo
58%
Monako
58%
Bośnia i Hercegowina
57%
Macedonia
55%
Węgry
55%
Czarnogóra
54%
Słowenia
54%
Serbia
52%
Gruzja
32%
Azerbejdżan
20%
Armenia
17%
Kazachstan
14%
Nie znaleziono quizów pasujących do podanych kryteriów
Rozkład punktacji
Procent ludzi z każdym wynikiem
Percentyl według liczby udzielonych odpowiedzi
Twoja historia wyników
Nie rozwiązałeś tego quizu